LEADER 02750nam 2200613Ia 450 001 9910460070203321 005 20200520144314.0 010 $a1-282-86611-7 010 $a9786612866111 010 $a0-7735-7564-2 035 $a(CKB)2670000000080491 035 $a(OCoLC)759157098 035 $a(CaPaEBR)ebrary10424213 035 $a(SSID)ssj0000438472 035 $a(PQKBManifestationID)11268910 035 $a(PQKBTitleCode)TC0000438472 035 $a(PQKBWorkID)10467904 035 $a(PQKB)10081955 035 $a(CEL)432910 035 $a(CaBNvSL)slc00225542 035 $a(MiAaPQ)EBC3271251 035 $a(MiAaPQ)EBC3332118 035 $a(Au-PeEL)EBL3332118 035 $a(CaPaEBR)ebr10559069 035 $a(CaONFJC)MIL286611 035 $a(OCoLC)923235045 035 $a(EXLCZ)992670000000080491 100 $a20070314d2007 uy 0 101 0 $aeng 135 $aurcn||||||||| 181 $ctxt 182 $cc 183 $acr 200 10$aJan van Noordt$b[electronic resource] $epainter of history and portraits in Amsterdam /$fby David A. de Witt 210 $aMontreal ;$aIthaca $cMcGill-Queen's University Press$dc2007 215 $a1 online resource (409 p.) 311 $a0-7735-3275-7 320 $aIncludes bibliographical references (p. [367]-386) and index. 327 $a"Konstrijk schilder te Amsterdam": The Life ofJan van Noordt -- The Development ofJan van Noordt's Style -- From Open Market to Private Network: Buyers and Patrons ofJan van Noordt's Paintings -- Exempla of Love and Virtue: A Penchant in the Themes of an van Noordt's History Paintings -- Jan van Noordt's Drawings: Pictorial Technique and Function -- Conclusion -- Catalogue -- Paintings -- History Paintings -- Genre -- Portraits: Women -- Portraits: Men -- Portraits: Children -- Portraits: Groups -- Paintings Known Only through Reproductions -- Paintings That Cannot with Any Certainty Be Attributed to Jan Van Noordt -- Rejected Paintings -- Paintings Known Only from Literary Sources -- Drawings -- Drawings -- Rejected Drawings -- Drawings Known Only from Literary Sources -- Prints -- Prints -- Rejected Prints -- Prints Known Only from Literary Sources -- Appendix: Documents Pertaining to the Life of Jan van Noordt. 606 $aPainters$zNetherlands$zAmsterdam$vBiography 606 $aPainting, Dutch$y17th century 608 $aElectronic books. 615 0$aPainters 615 0$aPainting, Dutch 676 $a759.92 676 $a759.9492 700 $aDe Witt$b David A$g(David Albert),$f1967-$0874309 801 0$bMiAaPQ 801 1$bMiAaPQ 801 2$bMiAaPQ 906 $aBOOK 912 $a9910460070203321 996 $aJan van Noordt$91952190 997 $aUNINA LEADER 02309oam 2200577zu 450 001 9911004833603321 005 20210807004107.0 010 $a1-61583-450-8 035 $a(CKB)2480000000006846 035 $a(SSID)ssj0000679725 035 $a(PQKBManifestationID)11930483 035 $a(PQKBTitleCode)TC0000679725 035 $a(PQKBWorkID)10624768 035 $a(PQKB)10713926 035 $a(WaSeSS)Innodata00029951 035 $a(EXLCZ)992480000000006846 100 $a20160829d2010 uy 101 0 $aeng 135 $aur||||||||||| 181 $ctxt 182 $cc 183 $acr 200 00$aAASHTO LRFD bridge design specifications with 2010 interim revisions 205 $a5th ed. 210 31$a[Place of publication not identified]$cAmerican Association of State Highway and Transportation Officials$d2010 215 $a1 online resource (1632 p.) 300 $aBibliographic Level Mode of Issuance: Monograph 311 $a1-56051-451-5 320 $aIncludes index. 327 $apart I. Sections 1-5 -- part II. Section 6-Index. 517 1 $aAmerican Association of State Highway and Transportation Officials load and resistance factor design bridge construction specifications with 2010 interim revisions 517 1 $aAASHTO load and resistance factor design bridge construction specifications 517 1 $aLRFD bridge construction specifications 606 $aBridges$xSpecifications$zUnited States 606 $aBridges$xLive loads$xSpecifications$zUnited States 606 $aBridges$xMaintenance and repair$xSpecifications$zUnited States 606 $aCivil & Environmental Engineering$2HILCC 606 $aEngineering & Applied Sciences$2HILCC 606 $aTransportation Engineering$2HILCC 615 0$aBridges$xSpecifications 615 0$aBridges$xLive loads$xSpecifications 615 0$aBridges$xMaintenance and repair$xSpecifications 615 7$aCivil & Environmental Engineering 615 7$aEngineering & Applied Sciences 615 7$aTransportation Engineering 712 02$aAmerican Association of State Highway and Transportation Officials 801 0$bPQKB 906 $aBOOK 912 $a9911004833603321 996 $aAASHTO LRFD bridge design specifications with 2010 interim revisions$94390777 997 $aUNINA LEADER 01313nam0 22003011i 450 001 UON00481867 005 20231205105252.60 010 $a37-663-2430-6 100 $a20171019f1993 |0itac50 ba 101 $ager 102 $aDE 105 $a|||| 1|||| 200 1 $aˆ"‰Ohne Gewalt läuft nichts!"$eJugend und Gewalt in Deutschland$fKlaus Farin$gEberhard Seidel-Pielen 210 $aKöln$cBund-Verl$dc1993 215 $a304 p$cill.$d21 cm. 316 $aDono del Goethe-Institut di Napoli. - Ex n.inv.: 94/116$5IT-UONSI F. Goethe301OHN/0551 606 $aAdolescenti$xPsicologia sociale$xGermania$3UONC092365$2FI 620 $aDE$dKöln$3UONL005641 676 $a305.23$cGRUPPI SOCIALI - Giovani$v21 700 1$aFARIN$bKlaus$3UONV236551$0783342 701 1$aSEIDEL-PIELEN$bEberhard$3UONV236552$0783343 712 $aBund$3UONV276743$4650 801 $aIT$bSOL$c20260220$gRICA 899 $aSIBA - SISTEMA BIBLIOTECARIO DI ATENEO E ARCHIVIO STORICO$2UONSI 912 $aUON00481867 950 $aSIBA - SISTEMA BIBLIOTECARIO DI ATENEO E ARCHIVIO STORICO$dSI F. Goethe 301 OHN 0551 $eSI 23751 7 0551 Dono del Goethe-Institut di Napoli. - Ex n.inv.: 94/116 996 $aOhne Gewalt läuft nichts!"$91740122 997 $aUNIOR